Logo BPK

Biblioteka

Politechniki Koszalińskiej

Boundary element acoustics : (Rekord nr 39994)

Szczegóły MARC
000 -ETYKIETA REKORDU
podpole kontrolne o stałej długości 00838nam a2200241 i 4500
001 - NUMER KONTROLNY REKORDU
pole kontrolne bg
020 ## - MIĘDZYNARODOWY ZNORMALIZOWANY NUMER KSIĄŻKI - ISBN
ISBN 1853125709
040 ## - ŹRÓDŁO KATALOGOWANIA
Instytucja, która utworzyła rekord BPK
041 0# - KOD JĘZYKA
Kod języka tekstu en
080 ## - UNIWERSALNA KLASYFIKACJA DZIESIĘTNA - UKD
UKD 519.61/.65:534
920 ## - Międzynarodowy znormalizowany numer książki – ISBN
ISBN 1-85312-570-9
008 - POLE O STAŁEJ DŁUGOŚCI - DANE KONTROLNE
podpole kontrolne o stałej długości s pl f |000 0 pol
245 10 - TYTUŁ/ODPOWIEDZIALNOŚĆ
Tytuł Boundary element acoustics :
Ciąg dalszy tytułu fundamentals and computer codes /
Pozostałe elementy strefy tytułu i oznaczenia odpowiedzialności ed.
Oznaczenie części/sekcji dzieła T. W. Wu.
260 ## - STREFA ADRESU WYDAWNICZEGO
Miejsce wydania Southampton ;
-- Boston :
Nazwa wydawcy/dystrybutora WITPRESS,
Data publikacji, dystrybucji/powstania dokumentu cop. 2000.
300 ## - STREFA OPISU FIZYCZNEGO
Objętość [10], 238 s., [4] s.tabl. kolr. :
Inne cechy fizyczne il. ;
Rozmiary 24 cm +
Dokument towarzyszący CD ROM.
490 1# - STREFA SERII I DOKUMENTU WIELOCZĘŚCIOWEGO - FORMA NIE DO WYSZUKIWANIA
Tytuł i oznaczenie odpowiedzialności serii Advances in Boundary Element Series,
ISSN 1460-1419
504 ## - UWAGA DOTYCZĄCA BIBLIOGRAFII
Informacje o bibliografii Bibliogr.
650 #9 - HASŁO PRZEDMIOTOWE W FORMIE NAZWY OGÓLNEJ LUB JEDNOSTKOWEJ
Nazwa ogólna lub geograficzna Metody i |zagadnienia brzegowe
Określnik ogólny stosowanie
-- akustyka
700 1# - HASŁO DODATKOWE - NAZWA OSOBOWA
Nazwa osobowa WU, T. W.
830 ## - HASŁO DODATKOWE SERII LUB DOKUMENTU WIELOCZĘŚCIOWEGO - TYTUŁ UJEDNOLICONY
Tytuł ujednolicony Advances in Boundary Element Series,
-- 1460-1419
856 ## - LOKALIZACJA I DOSTĘP DO ELEKTRONICZNYCH DOKUMENTÓW ZDALNYCH
Link (URL) http://koha.tu.koszalin.pl/cgi-bin/koha/opac-detail.pl?biblionumber=39994
Tekst linku Katalog online BPK
942 ## - DODATKOWE ELEMENTY (KOHA)
Typ dokumentu Książka
Egzemplarze
Wycofany Status egzemplarza Uszkodzony Dostępność Lokalizacja stała Lokalizacja bieżąca Miejsce przechowywania Sygnatura Kod kreskowy Typ dokumentu
      Dostępny Biblioteka Politechniki Koszalińskiej Biblioteka Politechniki Koszalińskiej Wypożyczalnia BG 59861 01583762 Książka
© 2023 Biblioteka Politechniki Koszalińskiej :: KOHA